| 000 | 00976nam0a22002771 4500 | ||
|---|---|---|---|
| 001 | rc\601087 | ||
| 005 | 20031121163520.6 | ||
| 035 | _a(NLR Aleph) 005845498 | ||
| 090 |
_a5723825 _c5723826 |
||
| 100 | _a20031121d1986 u |0rusy50 ca | ||
| 101 | 0 | _arus | |
| 102 | _aRU | ||
| 105 | _aa ||||||||| | ||
| 200 | 1 |
_aЕдинственность гиббсовских случайных полей _fР.Л. Добрушин, С.Б. Шлосман, И. Колафа |
|
| 210 |
_aМ. _cВИНИТИ _d1986 |
||
| 215 |
_a54 с. _cил. _d21 |
||
| 225 | 1 |
_aПрепринт _fАН СССР, Ин-т пробл. передачи информ. |
|
| 320 | _aБиблиогр.: с. 52-53 | ||
| 700 | 1 |
_aДобрушин _bР. Л. _f1929- _gРолан Львович |
|
| 701 | 1 |
_aШлосман _bС. Б. _gСемен Бенсионович |
|
| 701 | 1 |
_aКолафа _bИ. |
|
| 801 | 0 |
_aRU _bNLR _gpsbo |
|
| 801 | 1 |
_aRU _bELAR _2rusmarc |
|
| 852 |
_aNLR _j87-6/4522 |
||
| 942 | _cBOOK | ||
| 980 | _aNB | ||